00955nam a22002177a 450000500170000000800410001702000180005804000270007604100080010304400070011108200170011810000330013524501230016826001030029130000570039450000840045150400620053565000560059765000570065370000270071020150827083652.0150827b2014 ck |||||r||||f00| 0 spa d a9789585829657 aCO-BoIAVH cCO-BoIAVH 0 aspa ack04a599.09bC96g1 aCuartas-Calle, Carlos Arturo1 aGuía ilustrada maíferos cañon del río Porce, Antioquia / cCarlos Arturo Cuartas-Calle y David Marín Cardona aMedellín (Colombia):bEPM,bUniversidad de Antioquia,bHerbario Universidad de Antioquia,c2014. a156 p.bilustraciones y fotografías a colorc24 cm aIncluye índice de nombres científicos y nombres comunes. Incluye glosario.  aIncluye referencias bibliográficas (Páginas 142-151). 6aMamíferosvGuíaxEspecieszAntioquia (Colombia) 6aMamíferosvGuíaxHábitatzAntioquia (Colombia)1 aMarín Cardona, David